00593nam a2200217 a 4500001001300000003000900013005001700022008004100039020001200080082001700092100002100109245005200130260003300182300000900215500003500224505002400259650002400283650002700307650002000334700002100354nice12345678IN_TiNIC20260116013152.0050524s1993 newa grp 000 0 eng  ac955.500a230.046bMAR aMartey, Emmanuel aAfrican Theologyb Inculturation and Liberation aNew YorkbOrbis Books c1993 a176p aincludes index and biblioraphy2 aBibliography, Index aLiberation-Theology aTheology-Inculturation aTheology-Africa1 aMartey, Emmanuel